[Event "Pan American-ch U10 Girls"]
[Site "Santiago de Chile"]
[Date "2018.07.24"]
[Round "4"]
[White "Velea, Sophie"]
[Black "Izaguirre, Lucia Belen"]
[Result "1-0"]
[WhiteElo "1563"]
[BlackElo "1226"]
[PlyCount "55"]
[EventDate "2018.07.22"]
[EventType "swiss"]
[EventRounds "9"]
[EventCountry "CHI"]
[SourceTitle "EXT 2022"]
[Source "ChessBase"]
[SourceDate "2021.10.06"]
[SourceVersion "1"]
[SourceVersionDate "2021.10.06"]
[SourceQuality "1"]

1. e4 e5 2. Nf3 Nc6 3. Nc3 Nf6 4. Bb5 Bc5 5. Nxe5 Nxe5 6. d4 Bb4 7. dxe5 Nxe4 8. Bd2 Bxc3 9. bxc3 Nxd2 10. Qxd2 0-0 11. 0-0 b6 12. f4 a6 13. Bc4 Bb7 14. f5 Qe7 15. Qf4 Kh8 16. f6 Qc5+ 17. Kh1 g6 18. Qh6 Rg8 19. Bxf7 Qf8 20. Qxf8 Rgxf8 21. Bb3 c5 22. Rad1 Bc6 23. Bd5 Bxd5 24. Rxd5 Rf7 25. Rfd1 Ra7 26. e6 dxe6 27. Rd8+ Rf8 28. Rxf8# 1-0